Zwierzęta na herbach i godłach państw - Statystyki

Ogólne statystyki
  • Ten quiz został rozwiązany 7 771 razy
  • Średni wynik to 13 z 55
Statystyki odpowiedzi
Państwa Zwierzę % Poprawnych
Niemcy, Rosja, USA, +26 innych Orzeł
94%
Holandia, Sri Lanka, Wielka Brytania, +37 innych Lew
80%
Malezja, Singapur Tygrys
61%
Czad, Wybrzeże Kości Słoniowej, +3 inne Słoń
58%
Meksyk Wąż grzechotnik
57%
Australia Kangur
53%
Bhutan, Islandia Smok
53%
Wyspy Salomona Rekin
47%
Kazachstan, Mongolia, Urugwaj, +7 innych Koń
46%
Dominika, St. Lucia, Wyspy Świętego Tomasza i Książęca Papuga
43%
Antigua i Barbuda, Chile, Mauritius Jeleń
37%
Kirgistan, Syria Jastrząb
36%
Indie, Urugwaj, +9 innych Wół
35%
Dominika Żaba
35%
Barbados Koryfena
33%
Jamajka, Wyspy Salomona Krokodyl
33%
Kuwejt, Wyspy Świętego Tomasza i Książęca Sokół
33%
Australia Emu
32%
Kanada, Wielka Brytania Jednorożec
31%
Kenia Kogut
30%
Łotwa, Islandia Gryf
29%
Botswana Zebra
29%
Mali Sęp
28%
Fidżi, Gwinea, Grenada, Tonga Gołąb
25%
Seszele, Wyspy Salomona Żółw
24%
Albania, Czad, Chorwacja Koziorożec | Kozica | Koza
21%
Nowa Zelandia Owca
21%
Namibia, Uganda, Zimbabwe Antylopa
18%
Bahamy Flaming
17%
Demokratyczna Republika Konga, +6 innych Leopard
17%
Gujana Jaguar
16%
Erytrea Wielbłąd
16%
Boliwia, Peru Lama
14%
Barbados, St. Kitts i Nevis Pelikan
14%
Boliwia, Chile, Kolumbia, Ekwador Kondor
12%
Mauritius Dodo
11%
Chorwacja Kuna
9%
Australia Łabędź
8%
Gujana Bażant
6%
Wyspy Marshalla Anioł
5%
Liechtenstein Harpia
5%
Kiribati Fregata
4%
Gwatemala Kwezal
4%
Grenada Pancernik
4%
Uzbekistan Huma
3%
Trynidad i Tobago Ibis
3%
Bahamy Marlin
3%
Sudan Sekretarz
3%
Papua-Nowa Gwinea Cudowronka krasnopióra
2%
Trynidad i Tobago Czakalaka rdzaworzytna
2%
Australia Dzierzba
2%
Seszele Faeton
2%
Kambodża Gajasingha
2%
Tajlandia Garuda
2%
Uganda Koronnik szary
2%
Nie znaleziono quizów pasujących do podanych kryteriów
Rozkład punktacji
Procent ludzi z każdym wynikiem
Percentyl według liczby udzielonych odpowiedzi
Twoja historia wyników
Nie rozwiązałeś tego quizu